CLASSIFYING WITH DEWEY DECIMAL CLASSFICATION (Record no. 206793)

MARC details
000 -LEADER
fixed length control field 00299nam a2200133Ia 4500
003 - CONTROL NUMBER IDENTIFIER
control field OSt
005 - DATE AND TIME OF LATEST TRANSACTION
control field 20240404094148.0
020 ## - INTERNATIONAL STANDARD BOOK NUMBER
International Standard Book Number 81-7000-326-1
040 ## - CATALOGING SOURCE
Transcribing agency LCC
050 ## - LIBRARY OF CONGRESS CALL NUMBER
Classification number Z 696.D54 D 56
100 ## - MAIN ENTRY--PERSONAL NAME
Personal name DHYANI,PUSHIPA
245 #0 - TITLE STATEMENT
Title CLASSIFYING WITH DEWEY DECIMAL CLASSFICATION
942 ## - ADDED ENTRY ELEMENTS (KOHA)
Koha item type Long Loan Book
Source of classification or shelving scheme Dewey Decimal Classification
Holdings
Withdrawn status Lost status Source of classification or shelving scheme Damaged status Not for loan Collection Home library Current library Date acquired Inventory number Total checkouts Full call number Barcode Date last seen Copy number Price effective from Koha item type
    Library of Congress Classification     Reserve Kisii University Library Kisii University Library 09/15/2023 23354   Z 696.D5459 2002 000949 09/15/2023 C.1 09/15/2023 Short Loan Book
    Library of Congress Classification     Reserve Kisii University Library Kisii University Library 04/04/2024 23419   Z 696.D54D59 2002 000000005169 04/04/2024 C.2 04/04/2024 Short Loan Book